| 000 | 01158cam a2200325 i 4500 | ||
|---|---|---|---|
| 001 | 4298 | ||
| 003 | FISKH | ||
| 005 | 20240715083124.0 | ||
| 008 | 801003s1981 nyua j 000 1 eng | ||
| 010 | _a 80025132 | ||
| 020 | _a0670200409 | ||
| 020 | _a9780590461238 | ||
| 040 |
_aDLC _cDLC _dDLC _beng |
||
| 050 | _aPZ7.A2615 | ||
| 082 | _a813.54 | ||
| 100 | 1 | _aAdler, David A. | |
| 245 | 1 | 0 |
_aCam Jansen and the mystery of the dinosaur bones / _cDavid A. Adler ; illustrated by Susanna Natti. |
| 260 |
_aNew York : _bScholastic, _c1981. |
||
| 300 |
_a56 pages : _billustrations ; _c20 cm |
||
| 490 | 1 |
_aA Cam Jansen adventure ; _vBook 3 |
|
| 505 | _aO | ||
| 520 | _aWhen she notices some bones missing from a dinosaur skeleton exhibited in the museum, a young girl with a photographic memory tries to discover who has been taking them and why. | ||
| 521 | 8 |
_a610
_bLexile |
|
| 521 | 8 |
_aO
_bRaz-Plus |
|
| 650 | 1 | _aMystery and detective stories. | |
| 700 | 1 |
_aNatti, Susanna. _eillustrator |
|
| 800 | 1 |
_aAdler, David A. _tCam Jansen adventure ; _v3. |
|
| 906 |
_a7 _bcbc _corignew _d1 _eocip _f19 _gy-gencatlg |
||
| 942 |
_2ddc _cBK _n0 |
||
| 999 |
_c4298 _d4298 |
||